| 000 | 00464nam a2200181Ia 4500 | ||
|---|---|---|---|
| 001 | 13730 | ||
| 005 | 20260306164822.0 | ||
| 008 | 260306t2012||||xx |||||||||||||| ||spa|| | ||
| 041 | _aESP | ||
| 082 |
_a005.133C2 _bJ93 2012 |
||
| 100 |
_aJosuttis, Nicolai M. _eAUT |
||
| 245 | 4 |
_aThe C++ Standard Library: _ba tutorial and reference |
|
| 260 | _c2012 | ||
| 300 |
_axxi, 1099 páginas : _c24 cm. |
||
| 650 | _aGEN | ||
| 654 | _aCCC | ||
| 942 |
_cLIB _dJUS _fJUS _2ddc _n |
||
| 999 |
_c13730 _d13730 |
||